| 000 | 00388nam a2200145Ia 4500 | ||
|---|---|---|---|
| 008 | 230917s9999||||xx |||||||||||||| ||und|| | ||
| 040 |
_e40510 _aMAIN |
||
| 041 | _aEnglish | ||
| 082 | _a810.9 T157R | ||
| 100 | _aTanner, Tony | ||
| 245 | 0 | _aReigh of wonder: naivety and reality in American literature | |
| 260 |
_aCambridge _bUniversity Press _c1977 |
||
| 300 | _a388p p. | ||
| 942 | _cBK | ||
| 999 |
_c190752 _d190752 |
||